The microcosm of London, or London in miniature
Uloženo v:
| Hlavní autor: | |
|---|---|
| Médium: | Kniha |
| Jazyk: | angličtina |
| Vydáno: |
Londres
Methuen & Co.
1904
|
| Vydání: | 2a. ed |
| Témata: | |
| Tagy: |
Přidat tag
Žádné tagy, Buďte první, kdo vytvoří štítek k tomuto záznamu!
|
MARC
| LEADER | 00000nam a2200000 a 4500 | ||
|---|---|---|---|
| 001 | UCJ6891 | ||
| 003 | CL-VaPUC | ||
| 008 | 070124e19040000UK |||||||||||||||||eng|d | ||
| 082 | 0 | 4 | |a 942 |b ACK |2 21 |
| 100 | 0 | |a Ackermann, Rudolph |e author |9 514404 | |
| 245 | 1 | 4 | |a The microcosm of London, or London in miniature |
| 250 | |a 2a. ed | ||
| 300 | |a v | ||
| 942 | |c BK | ||
| 945 | |d 20070124 00:00:00 |a rinostro | ||
| 260 | |a Londres |b Methuen & Co. |c 1904 | ||
| 500 | |a Ilustraciones, iluminadas, conforme a lo señalado en índice.- Advierte errata.- En biblioteca sólo vol. I | ||
| 650 | 0 | |a Cultura |9 269059 | |
| 650 | 7 | |a INSTITUCIONES |2 CL-VaPUC |9 329701 | |
| 650 | 0 | |a Historia local |9 266584 | |
| 650 | 0 | |a Geografía urbana |9 267904 | |
| 650 | 0 | |a Ilustraciones |9 369481 | |
| 650 | 7 | |a CALLES Y PASEOS |2 CL-VaPUC |9 329702 | |
| 650 | 0 | |a Teatros |9 268075 | |
| 650 | 7 | |a TEMPLOS |2 CL-VaPUC |9 266644 | |
| 650 | 0 | |a Museos |9 269209 | |
| 650 | 0 | |a Parlamento |9 338611 | |
| 650 | 0 | |a Mercado de abastos |9 507646 | |
| 651 | 7 | |a LONDRES |2 CL-VaPUC |9 514405 | |
| 583 | |a last modification |c 20190624 09:11:56 |k Rodrigo Vera | ||
| 999 | |c 322993 |d 322991 | ||
| 952 | |0 0 |1 0 |4 0 |6 942_000000000000000_ACK_1904 |7 0 |8 X |9 402198 |a FDOBUD |b FDOBUD |d 2019-11-22 |h v.1 |i 1054562 |o 942 ACK 1904 |p 1054562 |r 2019-11-22 |w 2019-11-22 |y BK_X |k BUD | ||